000 00413nmm a2200157Ia 4500
008 251105s9999||||xx |||||||||||||||||und||
041 _aspa
100 _aBianchin, Helen
245 0 _aPasión con un extraño
264 _a[Madrid, España] :
_bHarlequin,
_c2012
300 _a160 páginas
490 _aBianca
650 _aRomance
856 _uhttps://public.digitaliapublishing.com/a/50212
942 _cCF
999 _c98581
_d98581